Top 10 Countries in Nuclear Power Production - Statistics

General Stats
  • This quiz has been taken 86,757 times
    29,246 since last reset
  • The average score is 8 of 10
Answer Stats
GWh % Country % Correct
779,186 18.6 United States
99%
406,484 4.9 China
96%
203,957 18.4 Russia
95%
323,773 64.8 France
93%
77,539 5.6 Japan
87%
83,465 13.7 Canada
82%
54,371 20.3 Spain
71%
171,640 31.5 South Korea
65%
81,126 55.0 Ukraine
64%
46,648 28.6 Sweden
43%
No matching quizzes found
Score Distribution
Percent of People with Each Score
Percentile by Number Answered
Your Score History
You have not taken this quiz since the last reset